Szczegóły MARC21

Organizacja rachunkowości przedsiębiorstw : praca zbiorowa /

003 -Nazwa inst., której nr kontr. jest w polu 001 [,]
    • @
    • Nazwa instytucji, której n kontrolny jest w polu 001
    • NUKAT
005 -DATA I CZAS OSTATNIEJ MODYFIKACJI [,]
    • @
    • pole kontrolne
    • 20241231085651.0
040 -Instytucja sporządzająca opis [ , ]
    • a
    • Instytucja, która sporządziła opis (NP)
    • NUKAT
    • c
    • Instytucja, która sporządziła rekord (NP)
    • LUBL U/JL
    • d
    • Instytucja, która zmodyfikowała rekord (P)
    • LUBL U/JL
    • d
    • Instytucja, która zmodyfikowała rekord (P)
    • Ł U/APs
942 -Rodzaj dokumentu [ , ]
    • c
    • Rodzaj dokumentu
    • Książka
245 -Strefa tytułu i oznaczenia odpowiedzialności [0,0]
    • a
    • Tytuł
    • Organizacja rachunkowości przedsiębiorstw : Find
    • b
    • Ciąg dalszy tytułu (NP)
    • praca zbiorowa / Find
    • c
    • Pozostałe elementy strefy tytułu i oznaczenia odpowiedzialności (NP)
    • pod red. Kazimierza Sawickiego ; [poszczeg. rozdz. oprac. Zenon Głodek et al.].
260 -Strefa adresu wydawniczego [ , ]
    • a
    • Miejsce wydania (P)
    • Szczecin :
    • b
    • Nazwa wydawcy (P)
    • Wydawnictwa Naukowe Uniwersytetu Szczecińskiego,
    • c
    • Data wydania (P)
    • 1990.
300 -Strefa opisu fizycznego [ , ]
    • a
    • Określenie formy książki i/lub objętość (NP)
    • 302 s. :
    • b
    • Oznaczenie ilustracji (NP)
    • il. ;
    • c
    • Format (NP)
    • 24 cm.
336 -Typ zawartości [ , ]
    • a
    • Termin opisujący typ zawartości
    • Tekst
    • b
    • Kod określający zawartość
    • txt
    • 2
    • Źródło (terminu i kodu)
    • rdacontent
337 -Typ mediów [ , ]
    • a
    • Tryb odtwarzania
    • Bez urządzenia pośredniczącego
    • b
    • Kod typu mediów
    • n
    • 2
    • Źródło (terminu i kodu)
    • rdamedia
338 -Typ/rodzaj nośnika [ , ]
    • a
    • Hasło opisujące typ nośnika
    • Wolumin
    • b
    • Kod typu nośnika
    • nc
    • 2
    • Źródło (terminu i kodu)
    • rdacarrier
521 -Uwaga dot. przeznaczenia czytelniczego [8, ]
    • a
    • Uwaga dot. przeznaczenia czytelniczego
    • Skrypt dla studentów kierunku cybernetyka ekonomiczna i informatyka, specjalność przetwarzanie danych i rachunkowość.
650 -Hasło przedmiotowe [ ,7]
    • a
    • Hasło przedmiotowe
    • Rachunkowość
    • v
    • Określnik formalny
    • podręczniki akademickie.
    • 2
    • Źródło terminu
    • kaba
    • 9
    • KHW
    • 351053
700 -Hasło dodatkowe - nazwa osobowa [1, ]
    • a
    • Nazwa osobowa (NP)
    • Sawicki, Kazimierz Find
    • d
    • Daty biograficzne (NP)
    • (1926-2021).
    • e
    • Określenie rodzaju współpracy
    • Red.
    • 9
    • KHW
    • 42358
700 -Hasło dodatkowe - nazwa osobowa [1, ]
    • a
    • Nazwa osobowa (NP)
    • Głodek, Zenon Find
    • c
    • Dopowiedzenie inne niż daty biograficzne (NP)
    • (ekonomia).
    • 9
    • KHW
    • 67103
710 -Hasło dodatkowe - nazwa ciała zbiorowego [2, ]
    • a
    • Nazwa ciała zbiorowego lub nazwa geograficzna jako pierwszy element (NP)
    • Uniwersytet Szczeciński.
    • b
    • Nazwa jednostki podrzędnej (P)
    • Wydawnictwo Naukowe.
    • 4
    • Kod relacji
    • pbl
    • 9
    • KHW
    • 51208
Status udost. Numer inwentarzowy Lokalizacja Data inwentaryzacji
-6E.59723BE1996-09-17
2S.73672BE1996-09-17
-3S.77732BE1996-09-17
2S.74122BE1996-09-17
2S.74123BE1996-09-17
2S.74124BE1996-09-17
2S.74125BE1996-09-17
2S.70817BE1996-09-17
2S.70818BE1996-09-17
2S.70819BE1996-09-17
2S.70820BE1996-09-17
2S.70821BE1996-09-17
2S.70822BE1996-09-17
2S.70823BE1996-09-17
-3S.70824BE1996-09-17
2S.70825BE1996-09-17
2S.70826BE1996-09-17
2S.70827BE1996-09-17
2S.70828BE1996-09-17
2S.70829BE1996-09-17
2S.70830BE1996-09-17
2S.70831BE1996-09-17
2S.70832BE1996-09-17
2S.70833BE1996-09-17
2S.70834BE1996-09-17
2S.70835BE1996-09-17
2S.70836BE1996-09-17
2S.70837BE1996-09-17
2S.70838BE1996-09-17
2S.70839BE1996-09-17
2S.70840BE1996-09-17
2S.70841BE1996-09-17
2S.70842BE1996-09-17
2S.70843BE1996-09-17
2S.70844BE1996-09-17
2S.70845BE1996-09-17
2S.70846BE1996-09-17
2S.70847BE1996-09-17
2S.70848BE1996-09-17
2S.70849BE1996-09-17
2S.70850BE1996-09-17
2S.70851BE1996-09-17
2S.70852BE1996-09-17
2S.70853BE1996-09-17
2S.70854BE1996-09-17
2S.70855BE1996-09-17
2S.70856BE1996-09-17
2S.78879BE1996-09-17
2S.78880BE1996-09-17
2S.79276BE1996-10-03
-3TS.74126T1996-09-17